书目信息 |
| 题名: |
练出你的风韵
|
|
| 作者: | 杨东雄 编著 | |
| 分册: | ||
| 出版信息: | 北京 中国商业出版社 2006 |
|
| 页数: | 254页 | |
| 开本: | 19cm | |
| 丛书名: | 都市女性生活扮酷实用丛书 | |
| 单 册: | ||
| 中图分类: | R161 | |
| 科图分类: | ||
| 主题词: | 女性--nv xing--健美--基本知识 , 个人卫生 , 女性--nv xing--减肥--基本知识 | |
| 电子资源: | ||
| ISBN: | 7-5044-5555-5 | |
| 000 | 01039nam 2200301 450 | |
| 001 | CAL 012006063706 | |
| 005 | 20061120151738.35 | |
| 010 | @a7-5044-5555-5@dCNY 18.00 | |
| 099 | @aCAL 012006063706 | |
| 100 | @a20060607d2006 em y0chiy0121 ea | |
| 101 | 0 | @achi |
| 102 | @aCN@b110000 | |
| 105 | @ay z 000yy | |
| 200 | 1 | @a练出你的风韵@Alian chu ni de feng yun@e女性健身美容的秘诀@f杨东雄编著 |
| 210 | @a北京@c中国商业出版社@d2006 | |
| 215 | @a254页@d19cm | |
| 225 | 2 | @a都市女性生活扮酷实用丛书@Adu shi nv xing sheng huo ban ku shi yong cong shu |
| 330 | @a本书从不同形体女性的生活实际出发,讲述了有关健美的知识和技巧,介绍了练就完美身材的科学方法。 | |
| 410 | 0 | @12001 @a都市女性生活扮酷实用丛书 |
| 517 | 1 | @a女性健身美容的秘诀@Anv xing jian shen mei rong de mi jue |
| 606 | 0 | @a女性@Anv xing@x健美@x基本知识 |
| 606 | 0 | @a个人卫生 |
| 606 | 0 | @a女性@Anv xing@x减肥@x基本知识 |
| 690 | @aR161@v4 | |
| 701 | 0 | @a杨东雄@Ayang dong xiong@4编著 |
| 801 | @aCN@c20061120 | |
| 905 | @a10447@dR161@eY160 | |
| 998 | @aBTBU | |
| 练出你的风韵:女性健身美容的秘诀/杨东雄编著.-北京:中国商业出版社,2006 |
| 254页;19cm.-(都市女性生活扮酷实用丛书) |
| ISBN 7-5044-5555-5:CNY 18.00 |
| 本书从不同形体女性的生活实际出发,讲述了有关健美的知识和技巧,介绍了练就完美身材的科学方法。 |
| ● |
| 相关链接 |
|
|
|
正题名:练出你的风韵
索取号:R161/Y160
 
预约/预借
| 序号 | 登录号 | 条形码 | 馆藏地/架位号 | 状态 | 备注 |
| 1 | 611284 | 206112847 | 自科库401/401自科库 4排4列5层/ [索取号:R161/Y160] | 在馆 | |
| 2 | 611285 | 206112856 | 自科库401/401自科库 4排4列5层/ [索取号:R161/Y160] | 在馆 | |
| 3 | 611286 | 206112865 | 自科库401/401自科库 4排4列5层/ [索取号:R161/Y160] | 在馆 |